<?xml version="1.0" encoding="UTF-8"?>
<collection xmlns="http://www.loc.gov/MARC21/slim">
  <record>
    <leader>00000nam  2200000   4500</leader>
    <controlfield tag="001">INLIS000000000002100</controlfield>
    <controlfield tag="005">20180724144122</controlfield>
    <controlfield tag="008">180724|||||||||   |   |||   |||| ||   | </controlfield>
    <datafield tag="035" ind1=" " ind2=" ">
      <subfield code="0">010-0718002100</subfield>
    </datafield>
    <datafield tag="041" ind1=" " ind2=" ">
      <subfield code="a">id</subfield>
    </datafield>
    <datafield tag="082" ind1=" " ind2=" ">
      <subfield code="a">R. 05 PIM I 2016</subfield>
    </datafield>
    <datafield tag="090" ind1=" " ind2=" ">
      <subfield code="a">R. 05 PIM I 2016</subfield>
    </datafield>
    <datafield tag="100" ind1=" " ind2=" ">
      <subfield code="a">Hariyoga, Himawan</subfield>
    </datafield>
    <datafield tag="245" ind1=" " ind2=" ">
      <subfield code="a">Pengelolaan Investasi Indonesia Di Luar Negeri Untuk Meningkatkan Daya Saing (PINTAS)</subfield>
    </datafield>
    <datafield tag="260" ind1=" " ind2=" ">
      <subfield code="a">Jakarta</subfield>
      <subfield code="b">LAN Jakarta</subfield>
      <subfield code="c">2016</subfield>
    </datafield>
    <datafield tag="300" ind1=" " ind2=" ">
      <subfield code="a">29 hlm:, lamp:, 30 cm</subfield>
    </datafield>
    <datafield tag="500" ind1=" " ind2=" ">
      <subfield code="a">Dengan telah terbentuknya Tim Efektif, tersusunnya disain awal kebijakan pengelolaan outward investment Indonesia, terbentuknya Desk Khusus yang memberikan layanan informasi dan konsultasi, teridentifikasinya negara target utama outward invesment Indonesia beserta fokus sekotor/industrinya, mulai teridentifikasinya perusahaan calon investor yang berminat dan siap untuk melakukan outward investment, dan mulai terbangunnya database sistem tentang outward investment Indonesia, maka tahap awal (ditahun 2016) dari Proyek Perubahan "PINTAS" ini telah selesai dilaksanakan. Output yang telah dihasilkan tersebut memberikan landasan yang kuat bagi pelaksanaan rencana kegiatan di tahap-tahap selanjutnya sampai dengan tahun 2019.</subfield>
    </datafield>
    <datafield tag="650" ind1=" " ind2=" ">
      <subfield code="a">Pengelolaan Investasi</subfield>
    </datafield>
  </record>
</collection>
